00502nam a2200181 a 4500001001300000003000900013005001700022008004100039020001000080082001500090245005400105260005000159300000800209500003500217505001000252650002600262710003200288nice12345678IN_TiNIC20260116012552.0050524s1914 alla grp 000 0 urd  ac10000a232.1bNIC aMasla Tajjasum Par Qasees John Qalander Ki Taqrir aAllahabadbNorth India Christian Tractsc1914 a32p aincludes index and biblioraphy2 aIndex aJesus Christ-Divinity2 aNorth India Christian Tract